000 00499nam a22001697a 4500
005 20240828120506.0
008 240828b |||||||| |||| 00| 0 eng d
020 _a0-276-42844-7
082 _a635
_bREA-S
245 _aSecrets and Tips from Yesterday"s Gardeners/
_cby Reader"s Digest Association
260 _aLondon,
_bReader's Digest.:
_c2004
300 _a320p. :
_bill ;
_c28cm.
500 _aindex given.
650 _aAgriculture/
700 _aAssociation, Reader's Digest
999 _c36490
_d36490